1734 1833 1918 1970 1421 1316 1070 1361 1117 1817 1419 1257 1488 1799 1395 1293 1403 1655 1798 1234 1837 1937 1760 1860 1810 1974 1580 1640 1494 1540 1910 1018 1959 1635 1296 1976 1420 1039 1209 1057 1576 1249 1261 1225 1327 1645 1598 1551 1336 1313 1054 1765 1200 1656 1704 1429 1743 1436 1567 1761 1426 1131 1069 1582 1869 1036 1183 1398 1606 1793 1767 1589 1901 1514 1687 1362 1680 1137 1176 1154 1614 1968 1992 1180 1420 1907 1196 1696 1521 1565 1484 1320 1421 1914 1177 1643 1258 1589 1977 BCNSPRNW ULIB Ver.6.0+V

เปลี่ยนเป็นภาษาไทย

Change to English
 แสดงรายละเอียดบรรณานุกรม
  กลับหน้าหลัก

Brief Record : Get Marc (ISO 2709) : E-mail record : QR code < ปิดหน้าต่าง
LEADER : 00000nam 2200000uu 4500
001    13399127938
003     ULIB
008    211115s2021||||th 000 0 tha d
020    ^a9780323672849
060 04 ^aWY18.2^bS587S
100 1  ^aSilvestri, Linda Anne
245 10 ^aSaunders Q&A review for the NCLEX-RN examination /^cLindaAnne Silvestri
246 3  ^aSaunders Q and A review for the NCLEX-RN examination
246 30 ^aQ&A review for the NCLEX-RN examination
250    ^a8th ed.
260    ^aSt. Louis :^bSaunders/Elsevier,^c2021
300    ^axix, 749 p. ;^c28 cm.
504    ^aIncludes bibliographical references
650  2 ^aNursing, Practical^vExamination Questions
650  2 ^aNursing, Practical^vProblems and Exercises
650  2 ^aLicensure^zUnited States^vProblems and Exercises
945    ^p1598^l0^i008526
945    ^p1598^l0^i009329
999    ^aประนอม เกษจรัล
รายการนี้ยังไม่มีแท็ก
คุณยังไม่ได้ล็อกอิน คุณสามารถมีกิจกรรมร่วมกับเว็บไซต์ได้ แต่ต้องล็อกอินก่อน ::
  ล็อกอิน

รายการสื่อสารสนเทศ

ลำดับที่ ประเภท เลขเรียก/บาร์โค้ด สถานที่ สถานะ
1. Book การพยาบาล
หนังสือสำรอง
สถานะ=หนังสือสำรอง
WY18.2 S587S ฉ.1 
  Barcode: 008526
ห้องสมุดวิทยาเขตสวรรค์ประชารักษ์
►หนังสือทั่วไป
ถูกยืม กำหนดส่งวันที่ 12 กรกฎาคม 2567
  จอง
2. Book การพยาบาล
Book การพยาบาล
WY18.2 S587S ฉ.2 
  Barcode: 009329
ห้องสมุดวิทยาเขตสวรรค์ประชารักษ์
►หนังสือทั่วไป
บนชั้น

รายการใกล้เคียง
    ผู้แต่ง [Silvestri, Linda Anne]

    หัวเรื่อง [Nursing, Practical Examination Questions]

BibComment


ยังไม่เคยถูกคอมเมนท์

คอมเมนท์ทรัพยากรรายการนี้
  คอมเมนท์: Saunders QA revi..


 Copyright 2026. Bcnsprnw @Library